01464nam a22002057a 450000500170000000800410001702000150005804000070007304100120008008200220009210000200011424500340013426000450016830000290021336500530024252008680029565000400116365000330120370000220123620241207112528.0241207b ||||| |||| 00| 0 eng d a0199487405 cAL aEnglish 223a297.464bKHUT aSalman Khurshid aTriple Talaq: Examining Faith aNew DelhibOxford University Pressc2018 axv,241 p.bHBc20x13 cm. a1060b₹288.35c₹d₹395.00e27%f28-11-2024 aTriple talaq, or talaq-e-bidat, is one of the most debated issues not only in India but also in other countries having a sizeable Muslim population. Muslim men have regularly misused this provision to divorce their wives instantly by simply uttering 'talaq' thrice. The Supreme Court of India, in the landmark judgement Shayara Bano v. Union of India, finally declared the practice unconstitutional. Salman Khurshid, who assisted in the case as amicus curiae, dives deep into the topic but presents it simply, without much jargon. Explaining the reasons behind the court's decision, he goes on to discuss other aspects of this practice, such as why it is wrong; why this practice has thrived; what the previous judicial pronouncements on it were; what the Quran and Muslim religious leaders say about it; and what the comparative practices in other countries are. aDivorce--Law and legislation--India aDivorce (Islamic law)--India aKHURSHID (Salman)